random trivia questions#5 - Statistics

General Stats
  • This quiz has been taken 22 times
  • The average score is 5 of 15
Answer Stats
Hint Answer % Correct
What color is the “black box” on airplanes? orange
94%
Which month was named after the Roman god of war? march
89%
Which desert is actually the largest in the world? Antarctica
67%
In what country is it polite to slurp your noodles loudly? japan
61%
Which city has an underground cemetery that holds about 6 million skeletons? paris
56%
Which country banned Kinder Surprise eggs because of choking hazards? united states
56%
What item is the most stolen food in the world? cheese
28%
What’s the dot over the letter “i” called? tittle
28%
Where is it illegal to die in the Houses of Parliament? united kingdom
22%
What is illegal to do in Samoa if it’s your husband’s birthday? forget it
6%
: What is illegal to own in Hawaii without a permit because they steal shiny things? hamsters
6%
What island is home to more venomous snakes per square meter than anywhere else? snake island
6%
What U.S. town elected a cat as its mayor for 20 years? Talkeetna
6%
Where would you find a natural lake in the shape of a heart? croatia
0%
Which country has a law requiring citizens to smile at all times? milan
0%
No matching quizzes found
Score Distribution
Percent of People with Each Score
Percentile by Number Answered
Your Score History
You have not taken this quiz